Action plan for improving our small rubber holders yield (Record no. 53766)

MARC details
000 -LEADER
fixed length control field 00330nam a2200121Ia 4500
100 ## - MAIN ENTRY--AUTHOR NAME
Personal name Mathew Koshy
245 #0 - TITLE STATEMENT
Title Action plan for improving our small rubber holders yield
260 ## - PUBLICATION, DISTRIBUTION, ETC. (IMPRINT)
Name of publisher Rubber Board Bulletin
Year of publication 1988
300 ## - PHYSICAL DESCRIPTION
Number of Pages 17-21
650 ## - SUBJECT ADDED ENTRY--TOPICAL TERM
Topical Term Rubber smallholder
942 ## - ADDED ENTRY ELEMENTS (KOHA)
Koha item type Journals
Holdings
Withdrawn status Lost status Damaged status Not for loan Home library Current library Shelving location Date acquired Serial Enumeration / chronology Koha item type
      Journals RRII Library RRII Library Agricultural economics 17/12/2021 Volume 24, Issue 2 Journals